LEADER 01110nam--2200385---450- 001 990000393690203316 005 20050802105323.0 010 $a92-827-4142-7 035 $a0039369 035 $aUSA010039369 035 $a(ALEPH)000039369USA01 035 $a0039369 100 $a20010405d1995----km-y0itay0103----ba 101 $ait 102 $aITA 105 $a||||||||001yy 200 1 $a<> Banca Europea per gli investimenti 210 $d1995 300 $aTit. della cop. 410 $12001 606 0 $aBanca Europea per gli investimenti 676 $a332.1534 699 $aCDE 01.08$bBEI - Banca Europea per gli Investimenti 801 0$aIT$bsalbc$gISBD 912 $a990000393690203316 951 $aCDE 01.08 (XXX)$bCDE 327$cCDE 01.08$d00148826 959 $aBK 969 $aCDE 979 $aPATTY$b90$c20010405$lUSA01$h1557 979 $aPATTY$b90$c20010405$lUSA01$h1602 979 $c20020403$lUSA01$h1647 979 $aPATRY$b90$c20040406$lUSA01$h1627 979 $aCDE$b90$c20050802$lUSA01$h1053 996 $aBANCA europea per gli investimenti$9626815 997 $aUNISA LEADER 02097oam 2200505M 450 001 9910716328003321 005 20200213070622.7 035 $a(CKB)5470000002520858 035 $a(OCoLC)1065991319 035 $a(OCoLC)995470000002520858 035 $a(EXLCZ)995470000002520858 100 $a20071213d1926 ua 0 101 0 $aeng 135 $aurcn||||||||| 181 $ctxt$2rdacontent 182 $cc$2rdamedia 183 $acr$2rdacarrier 200 10$aAmending "An Act To Establish and Provide for the Maintenance of a Free Public Library and Reading Room in the District of Columbia." February 1 (calendar day, February 10), 1926. -- Ordered to be printed 210 1$a[Washington, D.C.] :$c[U.S. Government Printing Office],$d1926. 215 $a1 online resource (6 pages) 225 1 $aSenate report / 69th Congress, 1st session. Senate ;$vno. 158 225 1 $a[United States congressional serial set ] ;$v[serial no. 8524] 300 $aBatch processed record: Metadata reviewed, not verified. Some fields updated by batch processes. 300 $aFDLP item number not assigned. 517 $aAmending "An Act To Establish and Provide for the Maintenance of a Free Public Library and Reading Room in the District of Columbia." February 1 606 $aEducation 606 $aFederal aid to libraries 606 $aLegislative amendments 606 $aLibraries 606 $aSchool buildings 608 $aLegislative materials.$2lcgft 615 0$aEducation. 615 0$aFederal aid to libraries. 615 0$aLegislative amendments. 615 0$aLibraries. 615 0$aSchool buildings. 701 $aCapper$b Arthur$f1865-1951$pRepublican (KS)$01386839 801 0$bWYU 801 1$bWYU 801 2$bOCLCO 801 2$bOCLCQ 906 $aBOOK 912 $a9910716328003321 996 $aAmending "An Act To Establish and Provide for the Maintenance of a Free Public Library and Reading Room in the District of Columbia." February 1 (calendar day, February 10), 1926. -- Ordered to be printed$93463532 997 $aUNINA